banner koha

Lymnaea columella (Linnaeus, 1758)interagindo na disseminacao da fasciolose na Estacao Experimental Zootecnica de Dom Pedrito, Rio Grande do Sul [bovino] (Registro n. 120687)

MARC details
000 -LÍDER
campo de controle de tamanho fixo 01065nas a2200301 4500
001 - NÚMERO DE CONTROLE
campo de controle BR8705100
003 - IDENTIFICADOR DO NÚMERO DE CONTROLE
campo de controle BR-BrBNA
005 - DATA E HORÁRIO DA ÚLTIMA TRANSAÇÃO
campo de controle 20231205090747.0
007 - CAMPO FIXO DE DESCRIÇÃO FÍSICA--INFORMAÇÃO GERAL
campo de controle de tamanho fixo ta
008 - CAMPO DE DADOS FIXOS--INFORMAÇÃO GERAL
campo de controle de tamanho fixo 230509b bl.|||p| |||| 00| 00por d
040 ## - FONTE DA CATALOGAÇÃO
Instituição da catalogação original BR-BrBNA
Idioma da catalogação por
Instituição que transcreveu o registro Biblioteca Nacional de Agricultura
041 ## - CÓDIGO DE IDIOMA
Código do idioma do texto/trilha sonora ou título diferente (Pt)
072 ## - CÓDIGO DE CATEGORIA DE ASSUNTO
Código de Categoria de Assunto L72
100 1# - ENTRADA PRINCIPAL--NOME PESSOAL
Nome pessoal Santos, I.C.S.
100 1# - ENTRADA PRINCIPAL--NOME PESSOAL
Nome pessoal Laranja, R.J.
100 1# - ENTRADA PRINCIPAL--NOME PESSOAL
Nome pessoal Costa, N.C.
100 1# - ENTRADA PRINCIPAL--NOME PESSOAL
Nome pessoal Botelho, G.A.
100 1# - ENTRADA PRINCIPAL--NOME PESSOAL
Nome pessoal Cereser, V.H.
100 1# - ENTRADA PRINCIPAL--NOME PESSOAL
Nome pessoal Martins, J.R.
245 1# - TÍTULO
Título Lymnaea columella (Linnaeus, 1758)interagindo na disseminacao da fasciolose na Estacao Experimental Zootecnica de Dom Pedrito, Rio Grande do Sul [bovino]
246 1# - FORMA VARIANTE DO TÍTULO
Título/título abreviado Interaction of Lymnaea columella (Linnaeus, 1758)on Distomatosis in the Experimental Station in Dom Pedrito, Rio Grande do Sul, Brazil
650 ## - ASSUNTO--TERMO TÓPICO
Cabeçalho tópico ou nome geográfico BOVINO
650 ## - ASSUNTO--TERMO TÓPICO
Cabeçalho tópico ou nome geográfico FASCIOLOSE
650 ## - ASSUNTO--TERMO TÓPICO
Cabeçalho tópico ou nome geográfico RIO GRANDE DO SUL
773 0# - ENTRADA ANALÍTICA
Título Hora Veterinaria (Brazil)
ISSN - International Standard Serial Number ISSN 0101-9163
Partes relacionadas (Jan-Feb 1987), v. 6(35) p. 42-48
Número de controle do registro BR8705100
909 ## -
-- 202311
-- Lúcia
-- 55
-- Lúcia Elande
942 ## - ELEMENTOS DE ENTRADA ADICIONADOS (KOHA)
Fonte da classificação ou esquema de arquivamento na estante Classificação AGRIS
Ocultar no OPAC Não
Tipo de material Koha Analítica
Exemplares
Situação do descarte Fonte da classificação ou esquema de arquivamento na estante Situação física Não pode ser emprestado Biblioteca de origem Biblioteca atual Localização na estante Enumeração do periódico / cronologia Total de empréstimos Data de último acesso Número do exemplar Tipo de material Koha Fonte de aquisição
  Classificação AGRIS   Consulta local Biblioteca Nacional de Agricultura - Binagri Biblioteca Nacional de Agricultura - Binagri   (Jan-Feb 1987), v. 6(35) p. 42-48   29/11/2023 01 Periódicos Portaria Interministerial nº 164/94

BINAGRI

Telefone: (61)3218-2567/2388/3357/2097 - binagri@agro.gov.br

Ministério da Agricultura e Pecuária , Esplanada dos Ministérios, Bloco D, Anexo B, Brasília/DF, CEP: 70.043-900